000 00349nam a2200109Ia 4500
008 171211s9999 xx 000 0 und d
245 _aWeb Development with Node and Express: Leveraging the JavaScript Stack
245 _cEthan Brown
260 _c2014
650 _xWeb Development
856 _uhttp://down.ebook777.com/016/1491949309Development.pdf
999 _c350051
_d350051